Renesancia /
Saved in:
| Main Author: | |
|---|---|
| Format: | Book |
| Language: | Slovak |
| Published: |
Bratislava :
Perfekt,
1995
|
| Edition: | , prel.z angl.orig. |
| Tags: |
No Tags, Be the first to tag this record!
|
MARC
| LEADER | 00000nam a22000003a 4500 | ||
|---|---|---|---|
| 001 | stu30667 | ||
| 005 | 20150617225734.6 | ||
| 008 | 980128s1995----xo------------------slo-d | ||
| 020 | |a 80-8046-008-6 | ||
| 040 | |a STU |b slo | ||
| 041 | 0 | |a slo | |
| 044 | |a xo | ||
| 080 | |a 7.034 | ||
| 100 | 1 | |a Coleová, Alison |4 aut | |
| 245 | 1 | |a Renesancia / |c [aut]Coleová,Alison | |
| 250 | |a , prel.z angl.orig. | ||
| 260 | |a Bratislava : |b Perfekt, |c 1995 | ||
| 300 | |a 64 s | ||
| 996 | |b 284V028322 |c V*45235/O-19814 |l VVT |s A |a 24 |w stu30667_0001 | ||